000 00426nam a22001697a 4500
005 20180323120017.0
008 160519b xxu||||| |||| 00| 0 eng d
020 _a81-7808-530-5
041 _aeng
082 _b3273
_a338.5024658
100 _aPeterson/Graig Lewis/Cris W
_94226
245 _aManagerial Economics
260 _aDelhi
_bPearson Education,
_c2004
300 _a661
650 _aManagement
_9241
942 _cBK
999 _c1113
_d1113